The Islamic threat to the Soviet state (Record no. 551861)

000 -LEADER
fixed length control field 00465nam a2200169Ia 4500
020 ## - INTERNATIONAL STANDARD BOOK NUMBER
International Standard Book Number 0709906196(hb)
082 ## - DEWEY DECIMAL CLASSIFICATION NUMBER
Classification number 947
Author Mark BEN
100 ## - MAIN ENTRY--PERSONAL NAME
Personal name Bennigsen, Alexandre
9 (RLIN) 6695
245 ## - TITLE STATEMENT
Title The Islamic threat to the Soviet state
260 ## - PUBLICATION, DISTRIBUTION, ETC.
Place of publication, distribution, etc. London:
Name of publisher, distributor, etc. Croom Helm,
Date of publication, distribution, etc. 1983
300 ## - PHYSICAL DESCRIPTION
Extent 170p
526 ## - STUDY PROGRAM INFORMATION NOTE
Program name 0
Interest level 0
Reading level 0
Title point value 947_000000000000000_BEN
650 ## - SUBJECT ADDED ENTRY--TOPICAL TERM
Topical term or geographic name entry element Islam -- Soviet Union
9 (RLIN) 49023
650 ## - SUBJECT ADDED ENTRY--TOPICAL TERM
Topical term or geographic name entry element MCE
9 (RLIN) 379
650 ## - SUBJECT ADDED ENTRY--TOPICAL TERM
Topical term or geographic name entry element Muslims in Soviet Union
9 (RLIN) 49024
942 ## - ADDED ENTRY ELEMENTS (KOHA)
Source of classification or shelving scheme
Koha item type Book
Holdings
Withdrawn status Lost status Source of classification or shelving scheme Damaged status Not for loan Permanent Location Current Location Date acquired Total Checkouts Full call number Barcode Date last seen Price effective from Koha item type
          Military College of Engineering (MCE) Military College of Engineering (MCE) 12/31/2014   947 BEN MCE-40621 12/31/2014 12/31/2014 Book
© 2023 Central Library, National University of Sciences and Technology. All Rights Reserved.